000 00953nam0a22002891 4500
001 v19\rc\1939666
005 20251118180829.2
035 _a(NLR Aleph) 005026265
090 _a6642750
_c6642750
100 _a20080428d1912 u y0rusy50 ca
101 1 _arus
_ceng
102 _aRU
105 _ay z |||a|
200 1 _aНа полпути
_eПьеса в 4 д.
_fАртур Пинеро
_gПер. с англ. М.А. Потапенко
210 _aСанкт-Петербург
_cжурн. "Театр и искусство"
_d[1912]
215 _a93 с.
_d28
309 _aНапеч. на пиш. маш. Литогр.
700 1 _aПинеро
_bА.У.
_f1855-1934
_gАртур Уинг
702 1 _aПотапенко
_bМ.А.
_4730
801 0 _aRU
_bNLR
_gpsbo
801 0 _aRU
_bRuMoRGB
_2psbo
801 1 _aRU
_bProSoft-M
_2rusmarc
852 _aNLR
_j20.98.8.307
899 _aRuMoRGB
_jB 19/118
899 _aБАН
942 _cBOOK
980 _aNB